000 00689nam a2200181Ia 4500
008 090124s9999 xx 000 0 und d
082 _b6386
100 _aफुले आनंद रामचंद्र
245 _a चांदण्य़ाच्य़ा उन्हात
250 _a0
260 _bप्रिया प्रकाशन
_c1974
300 _a144
600 _aफुले आनंद रामचंद्र
630 _a चांदण्य़ाच्य़ा उन्हात
700 _aफुले आनंद रामचंद्र
730 _a चांदण्य़ाच्य़ा उन्हात
942 _cBOOK
999 _c85262
_d85262